Loading...
| Social Science | 0 | 4 | 0 | 4 | 40 | 103 | 107.00 | 0 | 2 | 0.00 | 0.00 |
| Science - Chemistry | 0 | 5 | 2 | 0 | 40 | 59 | 80.20 | 0 | 3 | 0.00 | 0.00 |
| Science - Physics | 0 | 4 | 1 | 1 | 35 | 72 | 79.75 | 0 | 2 | 0.00 | 0.00 |
| Science - Other | 0 | 3 | 0 | 1 | 30 | 52 | 83.00 | 0 | 2 | 0.00 | 0.00 |
| History - European | 0 | 3 | 0 | 0 | 30 | 70 | 81.67 | 0 | 1 | 0.00 | 0.00 |
| History - Other | 0 | 3 | 0 | 0 | 30 | 54 | 56.67 | 1 | 2 | 0.00 | 0.00 |
| Fine Arts - Classical Music | 0 | 3 | 1 | 2 | 25 | 71 | 99.33 | 0 | 2 | 0.00 | 0.00 |
| Painting/Sculpture | 0 | 2 | 0 | 1 | 20 | 78 | 88.50 | 0 | 1 | 0.00 | 0.00 |
| Philosophy | 0 | 2 | 0 | 0 | 20 | 72 | 82.50 | 0 | 0 | 0.00 | 0.00 |
| History - World | 0 | 2 | 1 | 2 | 15 | 77 | 90.00 | 0 | 0 | 0.00 | 0.00 |
| Science - Biology | 0 | 3 | 3 | 1 | 15 | 52 | 68.00 | 1 | 2 | 0.00 | 0.00 |
| Current Events | 0 | 1 | 0 | 0 | 10 | 16 | 16.00 | 1 | 1 | 0.00 | 0.00 |
| History - American | 0 | 1 | 0 | 0 | 10 | 97 | 97.00 | 0 | 0 | 0.00 | 0.00 |
| Literature - British | 0 | 1 | 0 | 0 | 10 | 95 | 95.00 | 0 | 0 | 0.00 | 0.00 |
| Literature - European | 0 | 1 | 0 | 0 | 10 | 88 | 88.00 | 0 | 0 | 0.00 | 0.00 |
| Religion | 0 | 1 | 1 | 0 | 5 | 74 | 74.00 | 0 | 1 | 0.00 | 0.00 |
| Pop Culture | 0 | 1 | 1 | 1 | 5 | 107 | 107.00 | 0 | 0 | 0.00 | 0.00 |
| Geography | 0 | 1 | 1 | 0 | 5 | 74 | 74.00 | 1 | 1 | 0.00 | 0.00 |
| Mythology | 0 | 1 | 2 | 0 | 0 | 56 | 56.00 | 0 | 1 | 0.00 | 0.00 |
| Literature - World | 0 | 0 | 0 | 0 | 0 | 0.00 | 0 | 0 | 0.00 | 0.00 | |
| Fine Arts - Other | 0 | 0 | 1 | 0 | -5 | 0.00 | 0 | 0 | 0.00 | 0.00 |